[Event "Groningen op"]
[Site "Groningen"]
[Date "1995.??.??"]
[Round "?"]
[White "Perdomo, Carlos Andres"]
[Black "Psakhis, Lev"]
[Result "0-1"]
[WhiteElo "2320"]
[BlackElo "2610"]
[Annotator "Psakhis,L"]
[PlyCount "134"]
[EventDate "1995.12.??"]
[EventType "swiss"]
[EventRounds "11"]
[EventCountry "NED"]
[SourceTitle "CBM 050 Extra"]
[Source "ChessBase"]
[SourceDate "1996.03.01"]
[SourceVersion "1"]
[SourceVersionDate "1996.03.01"]
[SourceQuality "1"]

1. e4 c5 2. b3 b6 3. Bb2 Bb7 4. Nc3 Nc6 5. Nf3 e6 6. d4 cxd4 7. Nxd4 Bc5 {N} (
7... Nf6 8. Nxc6 (8. Ndb5 Qb8 9. Nd5 exd5 10. exd5 Bb4+ 11. c3 Be7 12. dxc6
dxc6 13. Nd4 O-O 14. Be2 Re8 15. O-O Bf8 16. Bf3 Qc7 17. c4 Rad8 18. Qc1 Ne4
19. Re1 c5 {Zagema,W-Beulen,M/NED-tt/1993/1-0/33/}) 8... Bxc6 9. e5 (9. Bd3 Qb8
(9... d6 10. Qe2 Be7 11. O-O-O Nd7 12. f4 O-O 13. Rhe1 Re8 14. g4 Bf8 15. h4
Nc5 16. g5 {Mariotti-Wirthensohn/Biel/1982/0,5/}) 10. O-O Bd6 11. h3 O-O 12.
Qd2 Bf4 13. Qe2 Bh2+ 14. Kh1 Be5 15. Rae1 g6 16. Qd2 Nh5 17. Ba3 Rc8 18. Ne2 d5
19. exd5 Bxd5 20. c4 Bc6 {Szell,L-Feher,Gy/HUN-tt/1993/0,5/50/}) 9... Nd5 10.
Nxd5 Bxd5 11. Qd2 Be7 (11... Qh4 12. O-O-O Bc5 13. c4 Bc6 14. b4 Bxf2 15. b5
Be4 16. Qxd7+ Kf8 17. Bd4 g6 18. Be2 Qf4+ 19. Rd2 Bxg2 20. Bxf2 Qxf2 {Treffert,
P-Goriatskin,V/Baden Baden op/1991/1-0/43/}) 12. O-O-O O-O 13. Kb1 Qc7 14. f4
d6 15. c4 Be4+ 16. Bd3 Qc6 17. Ba3 Rfd8 18. Qc2 Bg6 19. Bxg6 hxg6 20. h4 Bf8
21. h5 gxh5 22. Rxh5 g6 23. Rh3 dxe5 24. Rxd8 Rxd8 25. Bxf8 Kxf8 {Ostermeyer,
P-Seul,G/BL/1989/0,5/53/}) (7... Qb8 $5 8. Nxc6 Bxc6 9. Bb5 $5 Bxb5 10. Nxb5 a6
11. Nc3 Nf6 12. Qe2 Bd6 13. O-O-O Be5 $13 14. g3 g5 15. Kb1 Rg8 16. f4 gxf4 17.
gxf4 Bxc3 18. Bxc3 Qxf4 19. Qd3 Nxe4 20. Qxd7+ Kf8 21. Rhf1 Nxc3+ 22. Ka1 Rg1
23. Qb7 Rb8 {Asmundsson,I-Arnason,J/Grindavik/1984/0:1/}) 8. Ndb5 $1 (8. Nxc6
Bxc6 (8... Qf6 9. Qd2 Bxc6 10. Na4) 9. Nb5 Nf6) 8... Qb8 $5 (8... Nge7 9. Nd6+
Bxd6 10. Qxd6 Nc8 (10... O-O 11. O-O-O) 11. Qd2 $16) (8... Nf6 9. Nd6+ Bxd6 10.
Qxd6 Qe7 11. Ba3 $16) 9. Nd5 (9. Qg4 Bf8 $1 10. O-O-O (10. Nd5 $2 exd5 11. Bxg7
h5 12. Qg5 Rh7 (12... Bb4+ 13. c3 Be7 14. Qf5 $1) 13. Bxf8 Kxf8 14. Qxd5 Nf6
$17) 10... a6 11. Nd4 Nxd4 (11... Nf6) 12. Rxd4 Nf6) (9. Na4 Bb4+ 10. Bc3 (10.
c3 Be7) 10... Qe5 11. Bxb4 Nxb4 12. Nd6+ (12. Nac3 Nf6) 12... Ke7 13. Nxb7 (13.
c3 Qxd6 14. Qxd6+ Kxd6 15. cxb4 Bxe4 $19) 13... Qxa1 14. Qxa1 Nxc2+ 15. Kd2
Nxa1 16. Ba6 Nf6 17. Nc3 d5 18. exd5 Nxb3+ 19. axb3 Nxd5 $13) 9... Kf8 $1 $8 (
9... exd5 10. Bxg7 Qf4 11. Qf3 (11. Qe2 $5)) 10. Ndc7 (10. Qg4 $5 f6 (10... Ne5
11. Qg3) 11. Ndc7 a6 12. Nxa8 axb5 13. O-O-O $36 (13. Nxb6 Bxb6 14. Bxb5))
10... a6 11. Qxd7 (11. Nxa8 axb5 12. Nxb6 (12. Qg4 Nf6 13. Bxf6 gxf6) 12...
Bxb6 13. Bxb5 Ba5+ 14. c3 Nf6) 11... Nf6 $8 (11... axb5 $4 12. Nxe6+ fxe6 13.
Bxg7#) 12. Bxf6 gxf6 13. Nxe6+ $1 (13. Nxa8 axb5 14. Bxb5 (14. Nxb6 Bxb6 15.
Bxb5 Ne5) 14... Ne5 15. Nxb6 $1 Bxb6 16. Qd2 Kg7 $132) (13. Nd6 $2 Ne5 14. Qe8+
(14. Nxe6+ fxe6 15. Qxe6 Qxd6 $19) 14... Qxe8 15. Ncxe8 Bc6) 13... fxe6 14. Nc7
$1 (14. Qxe6 $2 Qf4 $19) 14... Nd4 (14... Bb4+ 15. Kd1 (15. Ke2) 15... Ne7 16.
Nxa8 (16. Nxe6+ Kg8 17. Bc4 b5 $1 18. Nc5+ bxc4 19. Qe6+ Kg7 20. Qxe7+ Kg6 21.
Qxb7 Rd8+ 22. Kc1 Qf4+ 23. Kb1 Bxc5 $19) 16... Bxa8 17. Qd4 Qd6 18. Qxd6 Bxd6
$13) 15. O-O-O (15. Nxe6+ $2 Nxe6 16. Qxe6 Bb4+ 17. Ke2 Qf4 $19) (15. Rd1 $2
Bb4+ 16. Rd2 Bxd2+ 17. Kxd2 Qd8 $19) 15... Bc6 (15... Bc8 $6 16. Qd8+ (16. Qe8+
Kg7) 16... Kg7 17. Ne8+ Rxe8 18. Qxe8 Qf4+ 19. Kb2 (19. Rd2 Ba3+ (19... Bb4 20.
c3 Ba3+ (20... Bxc3 21. Qe7+) 21. Kd1) 20. Kd1 e5 21. f3 Nxf3 $1 $19) 19...
Qxf2 20. Bd3 (20. Rc1 Qd2 $17) 20... a5 21. Rhg1 (21. Rhf1 Qe3 $13)) 16. Nxe6+
Nxe6 17. Qxc6 (17. Qxe6 Qf4+ 18. Kb1 Bxe4 $17) 17... Qf4+ (17... Ba3+ $5 18.
Kb1 Qe5 19. c3 (19. Qxa8+ $2 Kg7 20. Rd7+ Kh6 $19) 19... Ra7 $132) 18. Kb1 Re8
19. Bc4 (19. Bxa6 $5 Nd4 $13) 19... Qc7 $1 20. Qd5 $6 $138 (20. Qxc7 $5 Nxc7
21. Rd7 Re7) 20... b5 21. Be2 Nf4 22. Qf5 Qe5 23. Qxe5 fxe5 24. Bf3 Ke7 (24...
Bxf2 $2 25. Rhf1 Bb6 26. Bh5 $1) (24... b4 $5 $15) 25. g3 (25. Rhf1 b4 $1)
25... Ne6 (25... Nh3 $5 26. Bg4 (26. Rd5 Bd4 27. Rc1 b4 $1) 26... Nxf2 27. Rd7+
Kf6 28. Rf1 Rd8 $5 29. Rc7 Be3 30. Bf5 $1 $13) 26. Rd5 Bd4 (26... Bxf2 $5 27.
Rxe5 Bd4 28. Rd5 Rd8 $15) 27. Bg4 Nc5 28. c3 $5 (28. f3 b4 $1 $36) 28... Bxf2
29. Rxe5+ Kd6 30. Rd5+ Kc7 $6 (30... Kc6 $1 31. Bf3 Nxe4 $1 32. Rd2 Be3 33. Re2
(33. Rd3 Rhf8 $1 34. Rxe3 $140 Rxf3 35. Rxf3 Nd2+) 33... Rhf8 $17) 31. e5 h5
32. Bf5 Rh6 $5 33. Rf1 Be3 34. Re1 (34. Rfd1 $5 $10) 34... Kc6 $1 35. c4 (35.
Red1 $5) 35... bxc4 36. bxc4 Bg5 37. Kc2 (37. h4 Be7 {xg3}) 37... h4 $1 38.
gxh4 $2 $138 (38. g4 h3 $1) (38. Re2 $5 hxg3 39. hxg3 a5 $15) 38... Rxh4 39.
Rd6+ Kc7 40. Kc3 Rxe5 $5 $19 (40... Rxh2 $5 41. Kd4 Bh4 $1 42. Rf1 (42. Kxc5
Bxe1 43. Rd7+ Kb8 $19) (42. Bg6 Rd2+ 43. Kxc5 Bf2+ $1 44. Kb4 Bxe1 $19) 42...
Rd2+ 43. Kc3 (43. Kxc5 Rxe5+ 44. Rd5 Be7#) 43... Rxd6 44. exd6+ Kxd6 $19) 41.
Rxe5 Kxd6 42. Rd5+ Kc6 43. Bd7+ (43. h3 Bf6+ 44. Kd2 (44. Kb4 a5+ $1 45. Kxa5
Bc3#) 44... Rxc4 $19) 43... Nxd7 (43... Kb6 $5 44. h3 Nxd7 45. Rxg5 Rxh3+ $19)
44. Rxg5 Rxh2 45. Rg6+ Kb7 46. Rg7 (46. Rd6 Nb6) 46... Kc7 47. a4 $6 (47. a3 $5
) 47... Rh5 $1 48. Kd4 (48. Kb4 a5+) 48... Ra5 49. Kc3 Rxa4 $19 50. Kb3 Ra5 51.
Kb4 Rf5 52. Rh7 Rg5 53. Ka4 Rc5 54. Kb4 Kc6 55. Rh6+ Kb7 56. Rh7 Rc7 57. Ka5
Nb8 58. Rh4 Nc6+ 59. Ka4 Kb6 60. Rh5 Re7 61. c5+ Kb7 62. Kb3 a5 63. Rh4 Ka6 64.
Kc4 Re1 65. Rh7 Rc1+ 66. Kd5 Nb4+ 67. Kd4 Kb5 0-1

[Event "FRA-ch Prelim Gr-B"]
[Site "Besancon"]
[Date "1999.08.22"]
[Round "7"]
[White "Bauer, Christian"]
[Black "Bacrot, Etienne"]
[Result "1-0"]
[WhiteElo "2480"]
[BlackElo "2592"]
[Annotator "Psakhis,L"]
[PlyCount "66"]
[EventDate "1999.08.16"]
[EventType "tourn"]
[EventRounds "7"]
[EventCountry "FRA"]
[EventCategory "10"]
[SourceTitle "CBM 073"]
[Source "ChessBase"]
[SourceDate "1999.12.01"]
[SourceVersion "1"]
[SourceVersionDate "1999.12.01"]
[SourceQuality "1"]

1. e4 c5 2. Nf3 e6 3. d3 {Big fashion of 90ties.} Nc6 4. g3 d5 5. Qe2 Nd4 {
Rare and not the best move. I suppose, that normal lines-} (5... Nf6 $5 6. Bg2
Be7 7. O-O O-O {or}) (5... Nge7 $5 6. Bg2 g6 {are better.}) 6. Nxd4 cxd4 7. Bg2
Ne7 $146 (7... dxe4 8. dxe4 Qa5+ 9. c3 Bd7 10. O-O Rc8 11. Rd1 e5 12. cxd4 exd4
13. Na3 Bc5 14. Nc4 Qa6 15. b3 {Damljanovic,B-Rajkovic,D/YUG t-ch Niksic 1997/
1-0 (39)}) 8. O-O dxe4 9. Bxe4 $5 {Interesting move. White,s chances are
slightly better and after} (9. dxe4 {but why to close bishop!}) 9... Nc6 (9...
g6 10. Qf3 $5 {[%cal Gf3f6,Ge4b7]}) 10. Nd2 Be7 11. h4 O-O 12. Nc4 {[%csl Gc4,
Ge4]} f6 {Provocative move.} (12... Bd7 $5) 13. Bf4 ({Deserves attention and} 
13. Qh5 $5 f5 (13... g6 $2 {lose immediately after} 14. Bxg6 hxg6 15. Qxg6+ Kh8
16. Qh5+ Kg8 17. Bh6 $18) 14. Bg2 $14 {[%csl Re5][%cal Gf1e1,Gc1f4]}) 13... g6
(13... e5 14. Bd2 (14. Qh5 f5 $8 $13) 14... Be6 $140 15. Qh5 $40) 14. Bh6 Re8
15. h5 $36 {[%csl Gc4,Ge4,Rg8,Gh6] It is difficult to believe, that Black got
this terrible  position on move 15 in so modest line.} f5 (15... g5 16. f4 $1)
16. Bxc6 bxc6 17. Ne5 Bd6 18. hxg6 hxg6 19. f4 $1 $16 {[%cal Gh6g5,Ge2h2]} (19.
Nxg6 e5 (19... Qf6 20. Qh5) 20. Qh5 Qf6 21. Bg5 Qg7) 19... Qf6 20. Bg5 Bxe5 $5
({In case of} 20... Qg7 21. Kf2 {[%cal Rf1h1,Rh1h6] white,s attack in
unresistable.}) 21. Bxf6 Bxf6 22. g4 Bb7 ({Maybe} 22... e5 $5 {was the best
chance.}) 23. Rae1 Kf7 (23... c5 24. gxf5) 24. Rf3 {[%cal Rf3h3]} fxg4 25. Rg3
$18 c5 (25... Bh4 26. Rxg4 Bxe1 27. Qxe1 c5 28. Qe5 $18 {[%cal Rg4h4] lose
very quickly, but move in text could,t change situation.}) 26. Qxg4 Bd5 27.
Qxg6+ Ke7 28. f5 $18 e5 29. Qh7+ Bf7 30. Qh1 Rab8 31. Qc6 Rec8 32. Qa6 Bd5 33.
Rg6 Rb6 1-0

[Event "POL-chT 66th"]
[Site "Katowice"]
[Date "2010.09.12"]
[Round "9"]
[White "Hnydiuk, Aleksander"]
[Black "Luch, Michal"]
[Result "0-1"]
[WhiteElo "2448"]
[BlackElo "2385"]
[Annotator "RR"]
[PlyCount "80"]
[EventDate "2010.09.04"]
[EventType "team-tourn"]
[EventRounds "9"]
[EventCountry "POL"]
[SourceTitle "EXT 2016"]
[Source "ChessBase"]
[SourceDate "2015.10.08"]
[SourceVersion "1"]
[SourceVersionDate "2015.10.08"]
[SourceQuality "1"]
[WhiteTeam "Prokonex"]
[BlackTeam "Wroclaw AZS WSB"]
[WhiteTeamCountry "POL"]
[BlackTeamCountry "POL"]

1. e4 c5 2. Nf3 e6 3. g3 Nc6 4. Bg2 Qc7 (4... Nf6 5. Qe2 e5 6. Nc3 Nd4 7. Nxd4
cxd4 8. Nd5 Bc5 9. d3 Nxd5 10. exd5 d6 11. O-O O-O 12. f4 f6 13. f5 Bd7 14. Be4
Rc8 15. Kh1 Bb4 16. g4 Qc7 17. Rf2 Ba4 18. b3 Be8 19. g5 Qc3 20. Rb1 Qe1+ 21.
Qxe1 Bxe1 22. Rg2 Bh4 23. Ba3 Bxg5 24. Bxd6 Be3 25. Bxf8 Kxf8 26. Re1 Bh6 27.
h4 b5 28. a3 a5 29. Kh2 Rc7 30. Kh3 Ke7 31. Reg1 Kd6 32. Bf3 Re7 33. Be4 Bd7
34. Kg3 {Malakhov,V (2702)-Bukavshin,I (2648) Sochi 2015 1/2-1/2}) 5. O-O a6 (
5... Nf6 6. d3 Be7) 6. Re1 d6 7. c3 Nf6 8. d4 e5 9. h3 Be7 10. dxc5 dxc5 11.
Nh4 {[%csl Gf5]} O-O 12. Nf5 Rd8 13. Qf3 Be6 14. Bg5 (14. Nxe7+ Qxe7 15. Bg5)
14... Ne8 15. Nxe7+ Nxe7 16. Nd2 Rd7 17. Nf1 f6 18. Bc1 Nd6 (18... Rad8 $32)
19. Ne3 Nc4 20. Bf1 Nxe3 21. Bxe3 Rad8 22. Red1 Nc8 (22... Rxd1 23. Rxd1 Bxa2
24. Rxd8+ Qxd8 25. Bxc5) 23. Rxd7 Rxd7 24. Rd1 Nd6 25. b3 Qc6 $1 {[%csl Re4,
Rf3][%cal Gf6f5]} 26. Bg2 c4 27. b4 Nb5 $17 28. Rc1 Rd3 29. a4 Nxc3 30. Bf1 Na2
31. Ra1 Ra3 32. Qd1 Rxe3 33. fxe3 c3 34. b5 Qc5 35. bxa6 bxa6 36. Qe1 c2 37.
Bxa6 c1=Q 38. Rxc1 Qxc1 39. Qxc1 Nxc1 40. Kf2 Kf8 0-1

[Event "Escaldes zt"]
[Site "Escaldes"]
[Date "1998.11.12"]
[Round "7"]
[White "Efimov, Igor"]
[Black "Emms, John M"]
[Result "1-0"]
[WhiteElo "2530"]
[BlackElo "2585"]
[Annotator "Rodriguez,Am"]
[PlyCount "65"]
[EventDate "1998.11.06"]
[EventType "swiss"]
[EventRounds "9"]
[EventCountry "AND"]
[SourceTitle "CBM 068"]
[Source "ChessBase"]
[SourceDate "1999.02.01"]
[SourceVersion "1"]
[SourceVersionDate "1999.02.01"]
[SourceQuality "1"]

{[%mdl 68]} 1. e4 c5 2. Nf3 (2. Nc3 a6 {can also transpose into the game, it
is a move order that suits well Najdorf players.}) 2... e6 3. Nc3 a6 4. g3 {
White seems to preffer a quieter game but as incredibly as it may be, we will
soon see that there is a lot of poison after this calm move too.} b5 5. Bg2 (5.
d4 {has also been played} Bb7 (5... cxd4 6. Nxd4 Bb7 7. Bg2 {leads to a normal
Sicilian position.}) 6. d5 (6. Bg2 $5 {transposes into the game.}) 6... Nf6 7.
Bg5 h6 8. Bxf6 Qxf6 9. Bg2 g5 (9... d6 10. dxe6 fxe6 11. e5 dxe5 12. O-O Be7
13. Qe2 O-O 14. Nxe5 Bxg2 15. Kxg2 Bd6 16. Rae1 $14 {Ivanov,I-Meyer,C/
Philadelphia 1990}) 10. O-O Bg7 11. Nd2 O-O $13 {Mirumian,V-Votava,J/Lazne
Bohdanec 1997}) 5... Bb7 6. O-O (6. d4 Nf6 (6... b4 $5 7. Na4 cxd4 8. Nxd4 (8.
Qxd4 Nf6 9. e5 (9. Bg5 {would transpose to Hebden,M-Chomet,P below}) 9... Nc6
10. Qb6 Nd5 11. Qxd8+ Rxd8 12. Bg5 f6 13. exf6 gxf6 14. Bh4 Kf7 $15 {[%csl Ra4,
Rh4] Kveinys,A-Adamski,J/Katowice 1992}) 8... Nf6 9. Bg5 Qa5 10. Bxf6 gxf6 11.
c3 f5 $13 {Garcia,Gildardo-Sutovskij,E/Groningen 1997}) 7. e5 (7. Bg5 cxd4 (
7... b4 8. Na4 cxd4 9. Qxd4 (9. Nxd4 {transposes to Garcia,G-Sutovskij above.})
9... Nc6 10. Qb6 Qxb6 11. Nxb6 Nxe4 $6 (11... Rd8 $14) 12. Nxa8 Bxa8 13. Be3
Be7 14. O-O-O $16 {Hebden,M-Chomet,P/Royan op 1989}) 8. Nxd4 h6 $1 9. Bxf6 Qxf6
10. O-O Nc6 11. Nxc6 dxc6 12. Qe2 e5 $11 {Adams,M-Short,N/Groningen 1997}) 7...
Ne4 (7... cxd4 8. Qxd4 Nd5 (8... Nc6 9. Qe3 Nb4 10. Qe2 Nfd5 11. Ne4 Qc7 12. c3
Nc6 13. Bf4 Nxf4 14. gxf4 f5 15. exf6 Qxf4 $13 {Ivanov,A-Ginsburg,M/NY
Manhattan 1990}) 9. Nxd5 Bxd5 10. O-O Nc6 11. Qf4 Be7 12. Qg4 $36 {Sutovskij,
E-Spangenberg,H/Villa Martelli 1997/CBM 60}) 8. Ne2 Qc7 9. O-O d6 10. Bf4 Nd7
11. c3 Be7 12. exd6 Bxd6 13. a4 O-O 14. Bxd6 Nxd6 $11 {Jansa,V-Zapata,A/Zenica
1986}) 6... b4 7. Na4 Bxe4 8. d4 cxd4 9. Qxd4 (9. Re1 $6 d5 10. Ne5 Bxg2 11.
Kxg2 Nf6 12. Qxd4 Bd6 13. Bg5 O-O 14. f4 a5 15. c4 bxc3 16. bxc3 Be7 $15 {
Christiansen,L-Polugaevsky,L/Monaco 1993}) 9... Nf6 10. Bg5 (10. Be3 $6 Nc6 11.
Qd2 Be7 12. Rfd1 d5 {OK for Black; Larsen,B-Donner,J/Amsterdam 1964}) 10... Nc6
11. Qe3 d5 (11... Bxc2 12. b3 Be7 13. Rac1 Nd5 14. Qd2 Be4 15. h4 h6 16. Be3
O-O {was very easy for Black in Zhang,Z-Galego,L/POR-CHN m 1996. We must
assume that Efimov had studied this game and found a way to improve for White.
The text seems reasonable for Black too.}) 12. c4 bxc3 13. Nxc3 Bxf3 14. Bxf3
Be7 15. Bxf6 gxf6 {/\ 0-0-/+} 16. Qh6 $8 Ne5 (16... Bf8 17. Qe3 (17. Qh5 Bg7)
17... Ne5 18. Bd1 $15) 17. Bd1 Bf8 (17... Bb4 $5 {Looks also OK for Black. It
is hard to see a real compensation for the pawn.}) 18. Ba4+ Ke7 19. Qh5 Qb6 20.
Rad1 Rd8 21. Bb3 Bg7 22. Rfe1 Kf8 (22... d4 23. Ne4 d3 $17) 23. Kg2 f5 (23...
d4) 24. Re2 d4 $17 25. Na4 Qc6+ 26. f3 d3 27. Re3 Rd4 (27... Bf6 28. Qh6+ Ke7
29. Qf4 Qd6 $17) 28. Nc3 Bf6 (28... Rg8) (28... Qd6) 29. Ne2 Rb4 $6 {A rare
place for the rook} (29... dxe2 30. Rxd4 Nxf3 31. Qxf3 Qxf3+ 32. Kxf3 Bxd4 33.
Rxe2 Ke7 $17) (29... Rd6 $19) 30. Nc1 $132 Qb6 31. Rxe5 $1 Bxe5 $4 (31... Rh4
$3 32. Qxh4 (32. gxh4 Rg8+ 33. Kh1 Qf2) 32... Bxh4 33. Nxd3 Be7 $19) 32. Nxd3
$18 Rb5 33. Nxe5 (33. Nxe5 Rxe5 34. Qh6+ Ke8 (34... Ke7 35. Qg5+ Ke8 36. Qg7
Re2+ 37. Kh3 Rf8 38. Ba4+) 35. Qg7) 1-0

[Event "GER-ch 70th"]
[Site "Bremen"]
[Date "1998.11.07"]
[Round "2"]
[White "Frohberg, Marco"]
[Black "Siegel, Georg"]
[Result "0-1"]
[WhiteElo "2300"]
[BlackElo "2495"]
[Annotator "Rodriguez,Am"]
[PlyCount "48"]
[EventDate "1998.11.06"]
[EventType "swiss"]
[EventRounds "9"]
[EventCountry "GER"]
[SourceTitle "CBM 068"]
[Source "ChessBase"]
[SourceDate "1999.02.01"]
[SourceVersion "1"]
[SourceVersionDate "1999.02.01"]
[SourceQuality "1"]

{[%mdl 32832]} 1. e4 c5 2. Nf3 e6 3. b4 cxb4 4. a3 Nf6 5. e5 Nd5 6. axb4 $6 (6.
d4 $142) 6... Bxb4 7. c3 (7. Ba3 $142 Nc6 8. Bxb4 Ndxb4 9. d4 d6 10. c3 Nd5 11.
c4 Nde7 12. exd6 Qxd6 13. Nc3 O-O $17 {Shashin,B-Gufeld,E/Moscow 1970/MCD-r7})
7... Be7 8. d4 d6 9. Bd3 Nd7 10. Qe2 $6 $146 (10. Bd2 dxe5 11. dxe5 Nc5 12. Bc2
Bd7 $17 {Buecker,S-Drazic,S/Dortmund 1990/EXT 90}) 10... dxe5 11. dxe5 Nc5 12.
Bc2 b6 13. O-O a5 $1 $17 {Black has responded excellently against White's
unsound opening gambit.} 14. Rd1 Ba6 15. Qe1 Ra7 16. Nd4 Rd7 17. f4 g6 18. f5
$2 (18. Nc6 $17) 18... exf5 $19 19. Bxf5 gxf5 20. Nxf5 Ne6 21. Nxe7 Nxe7 22.
Rxd7 Qxd7 23. Nd2 Nc5 24. Ba3 Qc6 0-1

[Event "EU-ch 18th"]
[Site "Minsk"]
[Date "2017.06.09"]
[Round "10"]
[White "Salgado Lopez, Ivan"]
[Black "Cheparinov, Ivan"]
[Result "0-1"]
[WhiteElo "2627"]
[BlackElo "2688"]
[Annotator "Roiz,M"]
[PlyCount "108"]
[EventDate "2017.05.30"]
[EventType "swiss"]
[EventRounds "11"]
[EventCountry "BLR"]
[SourceTitle "CBM 179"]
[Source "ChessBase"]
[SourceDate "2017.07.12"]
[SourceVersion "1"]
[SourceVersionDate "2017.07.12"]
[SourceQuality "1"]

1. e4 c5 2. Nc3 Nc6 3. Nf3 e6 4. g3 a6 5. Bg2 Qc7 6. O-O Nf6 7. Re1 h5 $6 {
Frankly speaking, this move looks very suspicious. However, Ivan is ready to
take a definite risk.} ({The usual} 7... Be7 8. d4 cxd4 9. Nxd4 O-O {is
preferable.}) 8. d3 $146 {This somewhat modest move is a novelty.} ({A much
more dangerous move is} 8. d4 cxd4 9. Nd5 $1 {For instance,} exd5 10. exd5+ Ne7
11. Qxd4 d6 12. Bf4 $1 (12. c4 Bg4 13. Ng5 Nd7 {Ghaem Maghami,E (2581)
-Skripchenko,A (2458) playchess.com INT 2006, was unclear.}) 12... Kd8 13. c4 {
and White is developing a powerful attack.}) 8... d6 9. Bg5 {Even though the
position is closed now, exposing the g5-spot still causes Black some problems.}
Ng4 (9... Be7 10. a4 Bd7 11. h3 $14) 10. Nh4 b5 ({After} 10... Be7 11. Bxe7
Nxe7 12. f4 Bd7 13. h3 Nf6 14. Qd2 $14 {White's position seems better due to a
space advantage.}) 11. h3 Nf6 12. Nf3 {Ivan is wasting priceless time and
letting Black complete development.} ({More energetic would be} 12. Bxf6 gxf6
13. Ne2 $1 {putting pressure on the weak Ph5 and intending to seize the centre}
Bb7 (13... Bh6 14. d4 $36) 14. c3 Bh6 15. d4 Bg5 16. Nf3 $36) 12... Bb7 13. a4
$1 {This is the best way of handling the position - Black's pawn structure is
getting less flexible now.} ({In comparison to the opening stage, now} 13. d4
cxd4 14. Nxd4 Be7 $132 {offers White nothing special - Black's pieces are
developed!}) 13... b4 14. Nb1 Nh7 {The knight is poorly located now.} ({
Possibly, the solid} 14... Be7 15. Nbd2 Nd7 16. Bxe7 Nxe7 {was better, though
Black's problems here are not fully solved either.}) 15. Be3 Be7 16. Nbd2 Nf8 (
16... O-O 17. c3 Rab8 18. Rc1 bxc3 19. bxc3 Na5 20. d4 $14 {would secure White
superiority in the centre. However, it was the lesser evil!}) 17. c3 h4 {
This is consistent, but still not good...} 18. Nxh4 Bxh4 19. gxh4 e5 {Ivan is
aiming for some stability in the centre.} (19... Rxh4 20. d4 bxc3 21. bxc3 $16
{feels very bad for Black, since his pieces are uncoordinated.}) 20. h5 Ne6 21.
Nc4 (21. Bf3 $5 {deserved serious attention:} O-O-O 22. Bg4 Kb8 23. Rc1 {
The play is tense, but Black doesn't have sufficient compensation for a pawn
here.}) 21... a5 22. Qg4 Ba6 23. Bd2 {An interesting idea - the e3-spot is now
vacant for the knight.} (23. Rad1 $5) 23... Bxc4 ({Most probably, Ivan rejected
} 23... O-O-O {in view of} 24. Ne3 Bxd3 25. Nd5 Qb7 26. Bg5 Rd7 27. Red1 $36)
24. dxc4 O-O-O {Black's king is really safe, but there are structural
drawbacks in his camp.} 25. Rad1 $6 {Now Black gets an important tempo for
consolidating.} ({A much stronger move was} 25. Bg5 $1 Rdg8 26. Rad1 Rh7 27.
Rd5 Rgh8 28. Red1 Rxh5 29. Be3 $16 {and the vulnerablity of the Pd6 makes
Black's position difficult.}) 25... Kb8 26. Be3 $2 {GM Salgado Lopez is
underestimating the opponent's attacking potential.} ({Much more precise would
be} 26. h4 Qe7 27. Bg5 Nxg5 28. hxg5 g6 29. h6 f6 30. gxf6 Qxf6 31. Re3 Rxh6
32. Rdd3 {maintaining the dynamic balance.}) 26... g6 $1 27. h6 (27. hxg6 {
was hardly any better:} Rdg8 28. Qf3 Rxg6 29. Kh1 Qe7 $40 {and White's extra
pawn is not of much value.}) 27... g5 {Since the position is closed, White's
bishops are rather useless now.} 28. Qh5 Rdg8 {Regaining the pawn is a matter
of time now.} ({Another possibility was} 28... Nf4 $5 29. Bxf4 gxf4 $17) 29.
Rd3 Rg6 30. h7 Ng7 31. Qf3 $2 {The queen is definitely misplaced now.} ({
It was necessary to play} 31. Qe2 Rxh7 32. Red1 Ne7 33. Kf1 $17 {trying to
remove the king from the k-side.}) 31... Rxh7 32. Red1 Nh5 $19 {Now Black's
attack plays itself.} 33. Qg4 Nf4 34. R3d2 Qe7 (34... Rh4 {was simpler:} 35.
Qf5 g4 $19) 35. Qf5 Rhg7 36. Bf3 Rf6 {This move doesn't spoil anything,} ({but
} 36... Nxh3+ $1 37. Qxh3 g4 38. Bxg4 Rxg4+ 39. Kf1 bxc3 40. bxc3 Qe6 $19 {
could have won in good style.}) 37. Qg4 Rh6 38. Bxf4 exf4 $6 {This natural
recapture makes Black's task much tougher!} ({Instead} 38... f5 $1 39. Qxf5
gxf4+ 40. Kf1 Rg5 {trapping the queen wins on the spot.}) 39. Rd5 $6 {
Returning the favour!} ({After} 39. Qf5 $1 b3 40. Rd5 Ne5 41. Rxe5 dxe5 42. Bg4
$17 {it would be not easy for Ivan to convert his material advantage into a
full point.}) 39... Ne5 40. Rxe5 dxe5 41. cxb4 axb4 42. Rd7 Qe6 {The endgame
which now arises is completely lost for White.} 43. Qxe6 Rxe6 44. Bg4 Rc6 45.
b3 Rgg6 {Of course, Black's rooks are penetrating into the opponent's camp and
decide the game.} 46. Kf1 Rgd6 47. Rxd6 ({Or} 47. Rxf7 Rd3 $19) 47... Rxd6 48.
Ke2 f5 $1 {The simplest solution.} 49. exf5 (49. Bxf5 f3+ 50. Ke3 Rd1 $19)
49... e4 {Securing the access to d3-spot.} 50. Bh5 Rf6 51. Bg6 Kc7 52. Bh7 Kd6
53. Bg8 Rxf5 54. a5 Kc6 0-1